| 000 | 00511cam a22001932a 4500 | ||
|---|---|---|---|
| 001 | 011891 | ||
| 003 | AR-FADEU | ||
| 008 | 311216n1967####xxu####################dd | ||
| 092 |
_a371.36 _bO28 |
||
| 100 | _aOeser, O. A. | ||
| 245 | _aMaestro, alumno y tarea : psicología social aplicada a la educación | ||
| 260 | _aBuenos Aires | ||
| 260 | _bPaidós | ||
| 260 | _c1967 | ||
| 300 | _a244 p. : gráf. | ||
| 440 | _aBiblioteca del educador contemporáneo | ||
| 650 | _aMAESTRO; ALUMNO | ||
| 942 | _cBDGR | ||
| 999 |
_c17664 _d17664 |
||